[Event "VII Festival A"]
[Site "Savigliano ITA"]
[Date "2009.05.28"]
[Round "1"]
[White "Ravazzolo, Gildo"]
[Black "Ariaudo, Claudio"]
[Result "0-1"]
[WhiteElo "1479"]
[BlackElo "2023"]
[PlyCount "107"]
[EventDate "2009.05.28"]

1. Nf3 Nf6 2. d4 e6 3. h3 b6 4. Bg5 Be7 5. e3 Bb7 6. Be2 d6 7. O-O O-O 8. c4
Nbd7 9. Nbd2 c5 10. dxc5 dxc5 11. Qc2 Qc7 12. Bf4 Bd6 13. Bxd6 Qxd6 14. Rad1
Qc7 15. Bd3 Rad8 16. Ng5 h6 17. Nge4 Nxe4 18. Bxe4 Bxe4 19. Nxe4 Ne5 20. b3 a6
21. f4 Ng6 22. g3 Ne7 23. g4 Rxd1 24. Rxd1 Rd8 25. Rxd8+ Qxd8 26. Qd2 Qxd2 27.
Nxd2 Nc6 28. a3 f5 29. Kf2 Kf7 30. Kg3 g6 31. Nf3 Kf6 32. g5+ hxg5 33. fxg5+
Ke7 34. Kf4 Na5 35. Nd2 Kd6 36. a4 e5+ 37. Kf3 Ke6 38. Kg3 Nc6 39. Kf3 e4+ 40.
Kf4 Ne5 41. Kg3 Nd3 42. Kh2 Ke5 43. Kg2 f4 44. exf4+ Nxf4+ 45. Kg3 Nh5+ 46. Kf2
Ng7 47. b4 Kd4 48. Ke2 Nf5 49. bxc5 bxc5 50. h4 Ng3+ 51. Ke1 Nh5 52. Kd1 Nf4
53. Kc2 Ne6 54. Kb3 0-1

[Event "VII Festival A"]
[Site "Savigliano ITA"]
[Date "2009.05.28"]
[Round "1"]
[White "Sarno, Spartaco"]
[Black "Longo, Luigi"]
[Result "1-0"]
[WhiteElo "2332"]
[BlackElo "1931"]
[PlyCount "63"]
[EventDate "2009.05.28"]

1. d4 d5 2. Nf3 Nf6 3. c4 e6 4. Nc3 Be7 5. Bg5 Nbd7 6. e3 b6 7. cxd5 Nxd5 8.
Nxd5 exd5 9. Bxe7 Qxe7 10. Rc1 Qb4+ 11. Qd2 Qxd2+ 12. Kxd2 c5 13. Bb5 O-O 14.
Bxd7 Bxd7 15. dxc5 Rfc8 16. cxb6 axb6 17. Rxc8+ Rxc8 18. Rc1 Rxc1 19. Kxc1 f6
20. Kd2 Kf7 21. Kc3 Ke6 22. Kd4 Kd6 23. Nd2 Bc6 24. Nb1 Ke6 25. Nc3 Kd6 26. f4
Bb7 27. b4 Bc6 28. b5 Bb7 29. f5 Ba8 30. Ne2 g5 31. fxg6 hxg6 32. h4 1-0

[Event "VII Festival A"]
[Site "Savigliano ITA"]
[Date "2009.05.28"]
[Round "1"]
[White "Sorcinelli, Francesco"]
[Black "Sotgia, Cosimo"]
[Result "1-0"]
[WhiteElo "2116"]
[BlackElo "1859"]
[PlyCount "53"]
[EventDate "2009.05.28"]

1. e4 e5 2. f4 d5 3. exd5 e4 4. d3 Nf6 5. dxe4 Nxe4 6. Nf3 Bc5 7. Qe2 Qe7 8.
Be3 Bxe3 9. Qxe3 O-O 10. Nc3 Re8 11. O-O-O Nd6 12. Qxe7 Rxe7 13. Bd3 Bg4 14.
Rde1 Rxe1+ 15. Rxe1 Bxf3 16. gxf3 Kf8 17. Ne4 Nd7 18. Kd2 h6 19. b4 a6 20. a3
Nb6 21. Nxd6 cxd6 22. c4 Rc8 23. Rc1 Rc7 24. Rc2 g6 25. Ke3 f5 26. Kd4 Nc8 27.
c5 1-0

[Event "VII Festival A"]
[Site "Savigliano ITA"]
[Date "2009.05.28"]
[Round "1"]
[White "Topczewski, Damian"]
[Black "Medaglia, Enzo"]
[Result "1-0"]
[WhiteElo "2077"]
[BlackElo "1756"]
[PlyCount "55"]
[EventDate "2009.05.28"]

1. e4 c5 2. Nf3 d6 3. d4 cxd4 4. Nxd4 Nf6 5. Nc3 a6 6. Bg5 e5 7. Nf5 Bxf5 8.
exf5 Nbd7 9. g4 Be7 10. Be3 h6 11. Bg2 Qc7 12. Qf3 O-O-O 13. O-O-O Nb8 14. Nd5
Nxd5 15. Qxd5 Rhf8 16. Rd3 Nc6 17. Rc3 Kb8 18. Qb3 Ka8 19. Bb6 Qd7 20. Bxd8
Rxd8 21. Bxc6 bxc6 22. Qa4 Kb7 23. Rb3+ Ka7 24. Qa5 Qc8 25. Qb6+ Ka8 26. Ra3
Qb7 27. Rxa6+ Kb8 28. Qa5 1-0

[Event "VII Festival A"]
[Site "Savigliano ITA"]
[Date "2009.05.28"]
[Round "1"]
[White "Torrione, William"]
[Black "Guido, Flavio"]
[Result "0-1"]
[WhiteElo "1939"]
[BlackElo "2396"]
[PlyCount "100"]
[EventDate "2009.05.28"]

1. d4 Nf6 2. c4 g6 3. Nc3 d5 4. e3 Bg7 5. Nf3 O-O 6. cxd5 Nxd5 7. Nxd5 Qxd5 8.
b3 c5 9. Bc4 Qd8 10. Bb2 Bg4 11. Be2 Nc6 12. O-O Rc8 13. Rc1 cxd4 14. Nxd4 Bxd4
15. Bxd4 Bxe2 16. Qxe2 Nxd4 17. exd4 e6 18. Qe4 Qd7 19. g3 Rfd8 20. Rfd1 b6 21.
Rxc8 Qxc8 22. Kg2 Rd5 23. Rd2 Qd7 24. f4 Kg7 25. Kf3 Qb5 26. Qd3 Qc6 27. Ke3
Qc1 28. Qe2 Ra5 29. Kf3 Rd5 30. Ke3 h5 31. Qd1 Qc3+ 32. Kf2 Kh6 33. Rd3 Qc6 34.
Qd2 Kg7 35. Rc3 Qd6 36. Rd3 Rf5 37. Rf3 Qd5 38. Qd3 Kh6 39. h4 Kg7 40. Re3 Qh1
41. Qf1 Qc6 42. Qd1 Ra5 43. Re2 Rd5 44. Ke3 Qc3+ 45. Qd3 Qc1+ 46. Qd2 Qg1+ 47.
Kf3 Rxd4 48. Qe3 Qh1+ 49. Rg2 Qd1+ 50. Qe2 Rd3+ 0-1

[Event "VII Festival A"]
[Site "Savigliano ITA"]
[Date "2009.05.29"]
[Round "2"]
[White "Aglietti, Graziano"]
[Black "Ravazzolo, Gaia"]
[Result "1-0"]
[WhiteElo "2020"]
[BlackElo "1675"]
[PlyCount "41"]
[EventDate "2009.05.28"]

1. e4 c6 2. d4 d5 3. Nc3 dxe4 4. Nxe4 Bf5 5. Ng3 Bg6 6. Bc4 e6 7. N1e2 Nf6 8.
O-O Bd6 9. f4 Qc7 10. f5 exf5 11. Nxf5 Bxf5 12. Rxf5 Bxh2+ 13. Kh1 Bd6 14. Nf4
O-O 15. Rxf6 gxf6 16. Qg4+ Kh8 17. Nh5 Rg8 18. Qh4 Qe7 19. Nxf6 Rg7 20. Bg5
Rxg5 21. Qxh7# 1-0

[Event "VII Festival A"]
[Site "Savigliano ITA"]
[Date "2009.05.29"]
[Round "2"]
[White "Ariaudo, Claudio"]
[Black "Petritaj, Ferdinando"]
[Result "0-1"]
[WhiteElo "2023"]
[BlackElo "2192"]
[PlyCount "67"]
[EventDate "2009.05.28"]

1. d4 d6 2. c4 Nf6 3. Nf3 b6 4. g3 e6 5. Qc2 Bb7 6. Bg2 c5 7. O-O Nc6 8. e3
cxd4 9. exd4 d5 10. b3 Be7 11. Bb2 O-O 12. Ne5 Rc8 13. Qe2 dxc4 14. Nxc6 Bxc6
15. Bxc6 Rxc6 16. bxc4 Qc7 17. Rc1 h5 18. Nd2 Rc8 19. Qf3 Qd7 20. a3 R6c7 21.
Rc2 h4 22. Rac1 h3 23. g4 Nh7 24. Qxh3 Bg5 25. Qd3 Bf4 26. Qe2 Qe7 27. f3 Nf8
28. Rd1 Ng6 29. Ne4 Qh4 30. Bc1 f5 31. gxf5 exf5 32. Nd2 Re7 33. Qg2 Rce8 34.
Kf1 0-1

[Event "VII Festival A"]
[Site "Savigliano ITA"]
[Date "2009.05.29"]
[Round "2"]
[White "Astengo, Marcello"]
[Black "Godena, Michele"]
[Result "1/2-1/2"]
[WhiteElo "2114"]
[BlackElo "2538"]
[PlyCount "105"]
[EventDate "2009.05.28"]

1. d4 d5 2. c4 dxc4 3. Nf3 Nf6 4. e3 e6 5. Bxc4 a6 6. Bb3 b6 7. Nc3 Bb7 8. O-O
Nbd7 9. Qe2 Bb4 10. Rd1 Qe7 11. a3 Ba5 12. Ba2 c5 13. Bd2 O-O 14. Rac1 Rfc8 15.
dxc5 bxc5 16. Be1 Bc7 17. Nd2 Ne5 18. f3 Ng6 19. Na4 Nd7 20. Nb3 Bd5 21. e4 Nf4
22. Qd2 Bxb3 23. Bxb3 Be5 24. Bg3 Bd4+ 25. Kh1 Nh5 26. Bf2 e5 27. Bc4 Rd8 28.
Bf1 Nf4 29. Bxd4 cxd4 30. Rc7 Ne6 31. Rc6 Nb8 32. Rc2 Qb7 33. Rdc1 Nd7 34. Qa5
Ndf8 35. Qxe5 Qb3 36. Qa5 Qe3 37. Qd2 Ng6 38. Nb6 Rab8 39. Nd5 Qxd2 40. Rxd2 a5
41. a4 Kf8 42. Bb5 Ne7 43. Nc7 Rbc8 44. Nxe6+ fxe6 45. Rxc8 Rxc8 46. Kg1 e5 47.
g3 Rc1+ 48. Kf2 g5 49. Ke2 Nc8 50. Rd1 Rc2+ 51. Rd2 Rc1 52. Rd1 Rc2+ 53. Rd2
1/2-1/2

[Event "VII Festival A"]
[Site "Savigliano ITA"]
[Date "2009.05.29"]
[Round "2"]
[White "Barletta, Mauro"]
[Black "Topczewski, Damian"]
[Result "0-1"]
[WhiteElo "2224"]
[BlackElo "2077"]
[PlyCount "162"]
[EventDate "2009.05.28"]

1. e4 c5 2. c3 Nf6 3. e5 Nd5 4. Nf3 Nc6 5. Bc4 Nb6 6. Bb3 c4 7. Bc2 d5 8. exd6
Qxd6 9. h3 Qe6+ 10. Qe2 Qxe2+ 11. Kxe2 g6 12. d4 cxd3+ 13. Bxd3 Bg7 14. Na3 O-O
15. Re1 a6 16. Kf1 Re8 17. Nc4 Nxc4 18. Bxc4 Na5 19. Be2 Be6 20. Be3 Bc4 21.
Bb6 Bxe2+ 22. Rxe2 Nc4 23. Bd4 e5 24. Rae1 f6 25. b3 Nd6 26. Bc5 Nb5 27. c4 Nc7
28. Bb6 Rac8 29. Rd1 Na8 30. Be3 f5 31. g3 e4 32. Nd4 Rcd8 33. Red2 Nc7 34. Ne2
Ne6 35. Bb6 Rxd2 36. Rxd2 Re7 37. h4 h6 38. Rd5 Kf7 39. h5 Bf6 40. hxg6+ Kxg6
41. Be3 Bg5 42. b4 Bxe3 43. fxe3 Kg5 44. Kg2 Nc7 45. Rd6 Ne6 46. c5 Kf6 47. Nf4
Kf7 48. Nd5 Re8 49. Rd7+ Kg6 50. Rxb7 Rd8 51. Rb6 Kf7 52. Rd6 Rxd6 53. cxd6 Nd8
54. Nc7 Nb7 55. d7 Ke7 56. Nxa6 Kxd7 57. Nc5+ Nxc5 58. bxc5 Kc6 59. Kh3 Kxc5
60. Kh4 Kc4 61. Kh5 Kd3 62. a4 Kxe3 63. a5 Kf2 64. a6 e3 65. a7 e2 66. a8=Q
e1=Q 67. Qf8 Qe2+ 68. Kxh6 Qe3+ 69. Kh7 Qf3 70. Qf6 Kxg3 71. Qg5+ Kh2 72. Qd2+
Kh3 73. Qh6+ Kg3 74. Qg5+ Qg4 75. Qe3+ Kh4 76. Qf2+ Kg5 77. Qe3+ f4 78. Qe7+
Kh5 79. Qf7+ Kh4 80. Qe7+ Kh3 81. Qa3+ f3 0-1

[Event "VII Festival A"]
[Site "Savigliano ITA"]
[Date "2009.05.29"]
[Round "2"]
[White "Borgo, Giulio"]
[Black "Sorcinelli, Francesco"]
[Result "1-0"]
[WhiteElo "2440"]
[BlackElo "2116"]
[PlyCount "77"]
[EventDate "2009.05.28"]

1. Nf3 d6 2. d4 f5 3. Nc3 Nf6 4. Bg5 Nbd7 5. e3 e6 6. Bd3 d5 7. Ne2 h6 8. Bh4
c5 9. c4 cxd4 10. Nfxd4 Bb4+ 11. Nc3 Ne5 12. cxd5 Bxc3+ 13. bxc3 Nxd3+ 14. Qxd3
Qxd5 15. Bxf6 gxf6 16. Qe2 Bd7 17. O-O Rg8 18. f3 e5 19. c4 Qc5 20. Nb3 Qe7 21.
a4 O-O-O 22. a5 a6 23. Rf2 Be6 24. Rc1 Rd7 25. Qc2 Rgd8 26. h3 Rd3 27. Nd4
R3xd4 28. exd4 Rxd4 29. c5 Rc4 30. Qd2 Rxc5 31. Rxc5+ Qxc5 32. Qxh6 e4 33. fxe4
fxe4 34. Qxf6 Kd7 35. Qf4 Bd5 36. Kh2 Qxa5 37. Qf5+ Kc6 38. Rc2+ Kb6 39. Qf2+
1-0

[Event "VII Festival A"]
[Site "Savigliano ITA"]
[Date "2009.05.29"]
[Round "2"]
[White "Faraoni, Enrico"]
[Black "Piscopo, Pierluigi"]
[Result "0-1"]
[WhiteElo "2085"]
[BlackElo "2405"]
[PlyCount "48"]
[EventDate "2009.05.28"]

1. g4 e5 2. Bg2 Nc6 3. Nc3 Nge7 4. d3 d5 5. h3 Be6 6. Nf3 f6 7. e4 Qd7 8. Bd2
h5 9. gxh5 Bf7 10. h6 gxh6 11. h4 Be6 12. Qe2 Bg4 13. Qf1 d4 14. Ne2 h5 15. Ng3
Bh6 16. O-O-O Nb4 17. Bxh6 Qa4 18. Ne1 Nxa2+ 19. Kb1 Bxd1 20. Bd2 a5 21. Bh3
Nb4 22. Bxb4 axb4 23. Kc1 Qa1+ 24. Kd2 b3 0-1

[Event "VII Festival A"]
[Site "Savigliano ITA"]
[Date "2009.05.29"]
[Round "2"]
[White "Gallitto, Salvatore"]
[Black "Dominici, Alessandro"]
[Result "1/2-1/2"]
[WhiteElo "1957"]
[BlackElo "1823"]
[PlyCount "94"]
[EventDate "2009.05.28"]

1. d4 Nf6 2. e3 g6 3. Be2 Bg7 4. h4 Nc6 5. Nc3 d6 6. e4 e5 7. d5 Nd4 8. Be3
Nxe2 9. Ngxe2 Ng4 10. Bg5 f6 11. Bd2 Qd7 12. f3 Nh6 13. Qc1 Nf7 14. Be3 b5 15.
a3 a5 16. b4 O-O 17. h5 axb4 18. axb4 Rxa1 19. Qxa1 Bb7 20. hxg6 hxg6 21. Qa7
c6 22. dxc6 Qxc6 23. Qb6 f5 24. Nd5 Re8 25. Nec3 Qxb6 26. Bxb6 fxe4 27. fxe4
Ng5 28. Rh4 Bc6 29. Rg4 Ne6 30. Rxg6 Kf7 31. Rg3 Nd4 32. Kd1 Ra8 33. Ba5 Rh8
34. Rh3 Rc8 35. Nc7 Ne6 36. Rf3+ Ke7 37. N3d5+ Bxd5 38. Nxd5+ Ke8 39. c3 Ng5
40. Rg3 Bh6 41. Rg4 Rc4 42. Kc2 Kf7 43. Kd3 Ne6 44. g3 Bc1 45. Bb6 Bb2 46. Be3
Nc7 47. Nxc7 Rxc3+ 1/2-1/2

[Event "VII Festival A"]
[Site "Savigliano ITA"]
[Date "2009.05.29"]
[Round "2"]
[White "Guido, Flavio"]
[Black "Muha, Zdravko"]
[Result "1-0"]
[WhiteElo "2396"]
[BlackElo "2113"]
[PlyCount "99"]
[EventDate "2009.05.28"]

1. e4 d5 2. exd5 Qxd5 3. Nc3 Qe5+ 4. Be2 c6 5. d4 Qc7 6. Nf3 Nf6 7. Ne5 Nbd7 8.
Bf4 Qa5 9. Nc4 Qd8 10. d5 Nb6 11. dxc6 Qxd1+ 12. Rxd1 bxc6 13. Na5 Bd7 14. Ba6
Bc8 15. Bd3 Bd7 16. Ne4 Nxe4 17. Bxe4 Rc8 18. O-O e6 19. Nb7 f6 20. Nd6+ Bxd6
21. Bxd6 Nc4 22. Bc5 Rc7 23. b3 Nb6 24. Rd2 Kf7 25. Rfd1 Rd8 26. c4 g6 27. Bxb6
axb6 28. Bxc6 Rxc6 29. Rxd7+ Rxd7 30. Rxd7+ Ke8 31. Rb7 h5 32. Kf1 h4 33. Ke2
Rd6 34. f4 e5 35. fxe5 Re6 36. Kf3 Rxe5 37. Rxb6 Ke7 38. g3 Rf5+ 39. Kg2 hxg3
40. hxg3 Re5 41. a4 Re2+ 42. Kf3 Ra2 43. c5 g5 44. Kg4 Kf7 45. c6 Kg6 46. Kf3
Kf5 47. Rb5+ Ke6 48. Rc5 f5 49. c7 Kf6 50. c8=Q 1-0

[Event "VII Festival A"]
[Site "Savigliano ITA"]
[Date "2009.05.29"]
[Round "2"]
[White "Longo, Luigi"]
[Black "Araniti, Michelangelo"]
[Result "1-0"]
[WhiteElo "1931"]
[BlackElo "1795"]
[PlyCount "59"]
[EventDate "2009.05.28"]

1. d4 e6 2. Nf3 d5 3. c3 Nf6 4. Bg5 Be7 5. Nbd2 O-O 6. e3 c5 7. Bd3 b6 8. O-O
Ba6 9. Bxa6 Nxa6 10. Qa4 Nb8 11. Ne5 a6 12. f4 b5 13. Qc2 Nfd7 14. Bxe7 Qxe7
15. Rf3 f5 16. Rh3 Nxe5 17. dxe5 Nc6 18. Nf3 Nd8 19. g4 Ra7 20. gxf5 exf5 21.
Kf2 Ne6 22. Rg1 Rf7 23. Nh4 Qf8 24. Qd1 Qd8 25. Qh5 d4 26. Nxf5 dxe3+ 27. Kxe3
Qd3+ 28. Kxd3 Nxf4+ 29. Ke3 Nxh5 30. Nh6+ 1-0

[Event "VII Festival A"]
[Site "Savigliano ITA"]
[Date "2009.05.29"]
[Round "2"]
[White "Medaglia, Enzo"]
[Black "Torrione, William"]
[Result "0-1"]
[WhiteElo "1756"]
[BlackElo "1939"]
[PlyCount "79"]
[EventDate "2009.05.28"]

1. e4 e5 2. Nf3 Nf6 3. d3 Nc6 4. g3 d5 5. exd5 Nxd5 6. Bg2 Bc5 7. O-O O-O 8.
Nbd2 Bf5 9. a3 a5 10. Re1 Re8 11. Nh4 Be6 12. Nf1 Qd7 13. Ne3 Nd4 14. c3 Nc6
15. Nc4 f6 16. Qc2 b5 17. Ne3 Rad8 18. b4 Nxe3 19. fxe3 Bb6 20. d4 Bd5 21. Bb2
Ne7 22. e4 Bc4 23. Kh1 Qe6 24. d5 Qd6 25. Rad1 c6 26. Rd2 cxd5 27. exd5 Bxd5
28. Bxd5+ Nxd5 29. bxa5 Bxa5 30. Red1 Qc6 31. Qb3 Kh8 32. Rxd5 e4 33. Rxd8 Bxd8
34. Ng2 e3 35. Re1 e2 36. Qc2 Qf3 37. Qc1 Bb6 38. a4 Bf2 39. axb5 Bxe1 40. Qf4
0-1

[Event "VII Festival A"]
[Site "Savigliano ITA"]
[Date "2009.05.29"]
[Round "2"]
[White "Moncelli, Giorgio"]
[Black "Sarno, Spartaco"]
[Result "1/2-1/2"]
[WhiteElo "2071"]
[BlackElo "2332"]
[PlyCount "88"]
[EventDate "2009.05.28"]

1. e4 d6 2. d4 Nf6 3. Nd2 g6 4. Ngf3 Bg7 5. Be2 O-O 6. O-O Nc6 7. c3 e5 8. dxe5
Nxe5 9. Nxe5 dxe5 10. Qc2 c6 11. Nc4 Qc7 12. a4 Nd7 13. Rd1 Nc5 14. b3 f5 15.
f3 Be6 16. Be3 Nd7 17. Nd6 f4 18. Bf2 Rfd8 19. Bc4 Nf8 20. Bxe6+ Nxe6 21. Nc4
b5 22. Rxd8+ Nxd8 23. axb5 cxb5 24. Nb6 Rb8 25. Nd5 Qd7 26. Rxa7 Rb7 27. Ra8
Kf7 28. b4 Bf8 29. Qa2 Kg7 30. Bh4 Ne6 31. Bf6+ Kf7 32. Bxe5 Bd6 33. Bxd6 Qxd6
34. Ra6 Qe5 35. h3 Kg7 36. Ra8 Qd6 37. Ra6 Qe5 38. Rc6 Nd8 39. Qa6 Rd7 40. Rc5
Ne6 41. Rxb5 Nc7 42. Qc6 Rxd5 43. Rxd5 Nxd5 44. Qxd5 Qxc3 1/2-1/2

[Event "VII Festival A"]
[Site "Savigliano ITA"]
[Date "2009.05.29"]
[Round "2"]
[White "Pepino, Enrico"]
[Black "Finocchiaro, Gianluca"]
[Result "1/2-1/2"]
[WhiteElo "2148"]
[BlackElo "2064"]
[PlyCount "43"]
[EventDate "2009.05.28"]

1. e4 Nc6 2. Nf3 e5 3. d4 exd4 4. Nxd4 Nf6 5. Nc3 Bb4 6. Nxc6 bxc6 7. Bd3 d5 8.
exd5 cxd5 9. Qe2+ Qe7 10. Qxe7+ Bxe7 11. Nb5 O-O 12. Nxc7 Rb8 13. Nb5 a6 14.
Nd4 Bc5 15. Ne2 Ne4 16. O-O Re8 17. c3 Bf5 18. Nd4 Bxd4 19. cxd4 Ng3 20. Bxf5
Nxf5 21. b3 Nxd4 22. Rd1 1/2-1/2

[Event "VII Festival A"]
[Site "Savigliano ITA"]
[Date "2009.05.29"]
[Round "2"]
[White "Piantadosi, Angelo"]
[Black "Blengino, Luca"]
[Result "1-0"]
[WhiteElo "1685"]
[BlackElo "1894"]
[PlyCount "79"]
[EventDate "2009.05.28"]

1. e4 c5 2. c3 Nc6 3. d4 d5 4. dxc5 dxe4 5. Qxd8+ Nxd8 6. Bb5+ Nc6 7. Bf4 Nf6
8. Nd2 Nd5 9. Ne2 Bg4 10. Be3 Nxe3 11. fxe3 Bxe2 12. Kxe2 f5 13. Nc4 a6 14. Ba4
Rc8 15. Na5 Kd7 16. Rad1+ Kc7 17. Bxc6 bxc6 18. Nc4 e6 19. Nb6 Bxc5 20. Nxc8
Kxc8 21. Rhf1 Kc7 22. g4 g6 23. Rd2 Bd6 24. h3 h5 25. gxf5 exf5 26. Rfd1 Rd8
27. c4 Be7 28. Rxd8 Bxd8 29. Rg1 g5 30. Rf1 Kd6 31. Rxf5 Ke6 32. Rf8 Bf6 33. b3
g4 34. hxg4 hxg4 35. Rg8 Kf5 36. Kf2 Be5 37. Rc8 Kg5 38. Rxc6 Kh4 39. Rh6+ Kg5
40. Rxa6 1-0

[Event "VII Festival A"]
[Site "Savigliano ITA"]
[Date "2009.05.29"]
[Round "2"]
[White "Porzio, Franco"]
[Black "Di Chiara, Mauro"]
[Result "0-1"]
[WhiteElo "1649"]
[BlackElo "1869"]
[PlyCount "60"]
[EventDate "2009.05.28"]

1. e4 g6 2. d4 d6 3. Nf3 Bg7 4. Nc3 c6 5. Bd3 Nf6 6. Be3 O-O 7. Qd2 Ng4 8. h3
Nxe3 9. fxe3 e5 10. O-O-O exd4 11. exd4 Na6 12. Kb1 Nb4 13. Bc4 d5 14. Bb3 dxe4
15. Nxe4 Nd5 16. Rhf1 Bf5 17. Ng3 Be6 18. Ng5 Bd7 19. N5e4 Qc7 20. c4 Ne7 21.
Qg5 Qd8 22. d5 cxd5 23. cxd5 Nf5 24. Qxd8 Raxd8 25. Ka1 Ne3 26. a3 Nxf1 27.
Rxf1 Be5 28. Ne2 Bb5 29. N4c3 Bxc3 30. bxc3 Bxe2 0-1

[Event "VII Festival A"]
[Site "Savigliano ITA"]
[Date "2009.05.29"]
[Round "2"]
[White "Pulito, Alberto"]
[Black "Manni, Stefano"]
[Result "1-0"]
[WhiteElo "2256"]
[BlackElo "2036"]
[PlyCount "38"]
[EventDate "2009.05.28"]

1. e4 c6 2. c4 d5 3. cxd5 cxd5 4. exd5 a6 5. Qa4+ Nd7 6. Nf3 Ngf6 7. Nc3 Rb8 8.
d4 b5 9. Qb3 Nb6 10. Ne5 Bb7 11. Nc6 Bxc6 12. dxc6 Qxd4 13. Be3 Qe5 14. Be2 e6
15. Rd1 Bc5 16. Nxb5 axb5 17. Qxb5 Nc8 18. Qxc5 Qxc5 19. Bxc5 Rxb2 1-0

[Event "VII Festival A"]
[Site "Savigliano ITA"]
[Date "2009.05.29"]
[Round "2"]
[White "Roversi, Stefano"]
[Black "Marello, Giampiero"]
[Result "1-0"]
[WhiteElo "1871"]
[BlackElo "1709"]
[PlyCount "103"]
[EventDate "2009.05.28"]

1. e4 e5 2. Nf3 Nc6 3. Bb5 Nf6 4. O-O d6 5. d4 exd4 6. Nxd4 Bd7 7. Nc3 Be7 8.
f4 Nxd4 9. Qxd4 O-O 10. Bd3 Bc6 11. Nd5 Bxd5 12. exd5 Re8 13. Bd2 a6 14. f5 Nd7
15. Rae1 Bf6 16. Rxe8+ Qxe8 17. Qf4 Be5 18. Qh4 Nf6 19. c4 Bxb2 20. Re1 Be5 21.
g4 h6 22. g5 hxg5 23. Qxg5 Qd8 24. Re2 Nd7 25. Qh5 Bf6 26. Rg2 Ne5 27. Be2 Qf8
28. Bh6 Re8 29. Bxg7 Bxg7 30. f6 Ng6 31. fxg7 Qxg7 32. Qg4 Qe5 33. h4 Kf8 34.
h5 Qe3+ 35. Kh1 Qh6 36. Rf2 Ne5 37. Qf5 Qc1+ 38. Kh2 Qh6 39. Bd1 Re7 40. Qc8+
Re8 41. Qxc7 Re7 42. Qc8+ Re8 43. Qxb7 Qe3 44. Qb2 Qg5 45. Qd4 Rb8 46. Rg2 Qc1
47. Qg1 Rb1 48. Rg8+ Ke7 49. Be2 Qc2 50. Qg5+ f6 51. Qg7+ Nf7 52. Qf8+ 1-0

[Event "VII Festival A"]
[Site "Savigliano ITA"]
[Date "2009.05.29"]
[Round "2"]
[White "Sotgia, Cosimo"]
[Black "Ravazzolo, Gildo"]
[Result "1-0"]
[WhiteElo "1859"]
[BlackElo "1479"]
[PlyCount "33"]
[EventDate "2009.05.28"]

1. e4 g6 2. d4 Bg7 3. Nf3 d6 4. Bc4 Bg4 5. Bxf7+ Kxf7 6. Ng5+ Ke8 7. Qxg4 Nf6
8. Qe6 Rf8 9. e5 dxe5 10. dxe5 Nh5 11. Nxh7 Nf4 12. Bxf4 Rxf4 13. Qxg6+ Kd7 14.
Qxg7 Re4+ 15. Kf1 Kc6 16. Qg6+ Kd5 17. Nc3+ 1-0

[Event "VII Festival A"]
[Site "Savigliano ITA"]
[Date "2009.05.29"]
[Round "2"]
[White "Vinciguerra, Marco"]
[Black "Gallucci, Alessio"]
[Result "0-1"]
[WhiteElo "2057"]
[BlackElo "2240"]
[PlyCount "60"]
[EventDate "2009.05.28"]

1. Nf3 c5 2. d4 cxd4 3. Nxd4 Nf6 4. g3 g6 5. Bg2 Bg7 6. O-O O-O 7. c4 Nc6 8. e3
d5 9. Nc3 Bg4 10. Nxc6 bxc6 11. Qa4 Bd7 12. c5 Qc8 13. Re1 Bh3 14. e4 Bxg2 15.
Kxg2 Nd7 16. exd5 Nxc5 17. Qc4 Nd7 18. Rxe7 Ne5 19. Qf4 Re8 20. Rxe8+ Qxe8 21.
Qe4 cxd5 22. Nxd5 Rd8 23. Bg5 f5 24. Ne7+ Kh8 25. Qh4 Rd6 26. Rc1 Qa8+ 27. Kh3
Nf3 28. Rc8+ Qxc8 29. Nxc8 Rd4 30. Qxd4 Nxg5+ 0-1

[Event "VII Festival A"]
[Site "Savigliano ITA"]
[Date "2009.05.30"]
[Round "3"]
[White "Araniti, Michelangelo"]
[Black "Porzio, Franco"]
[Result "0-1"]
[WhiteElo "1795"]
[BlackElo "1649"]
[PlyCount "36"]
[EventDate "2009.05.28"]

1. Nf3 d5 2. d4 Nf6 3. g3 e6 4. Bg2 c5 5. O-O cxd4 6. Nxd4 Nc6 7. Bg5 Be7 8. c3
O-O 9. Nd2 Qb6 10. N2b3 a5 11. Qc2 e5 12. Nxc6 bxc6 13. Rad1 Be6 14. Rd2 Rab8
15. Rfd1 Rfe8 16. Nc1 Ng4 17. Bxe7 Qxf2+ 18. Kh1 Ne3 0-1

[Event "VII Festival A"]
[Site "Savigliano ITA"]
[Date "2009.05.30"]
[Round "3"]
[White "Di Chiara, Mauro"]
[Black "Ariaudo, Claudio"]
[Result "0-1"]
[WhiteElo "1869"]
[BlackElo "2023"]
[PlyCount "76"]
[EventDate "2009.05.28"]

1. d4 Nf6 2. Nf3 e6 3. c4 b6 4. g3 Bb7 5. Bg2 Be7 6. Nc3 Ne4 7. Qc2 Nxc3 8.
Qxc3 O-O 9. O-O f5 10. b4 Bf6 11. Bb2 d6 12. Qb3 Qe7 13. Nd2 Bxg2 14. Kxg2 a5
15. b5 Qf7 16. e4 Nd7 17. f4 Rad8 18. e5 dxe5 19. Ba3 Be7 20. Bxe7 Qxe7 21.
fxe5 Nxe5 22. Qc3 Qd6 23. Nb3 Ng4 24. a4 e5 25. dxe5 Qxe5 26. Qxe5 Nxe5 27. c5
Rd3 28. Rab1 Ng4 29. Kg1 g6 30. cxb6 cxb6 31. Rfc1 Ne5 32. Rc7 f4 33. Rb2 fxg3
34. hxg3 Rxg3+ 35. Kh2 Rff3 36. Nd4 Ng4+ 37. Kh1 Rf2 38. Rc8+ Kg7 0-1

[Event "VII Festival A"]
[Site "Savigliano ITA"]
[Date "2009.05.30"]
[Round "3"]
[White "Finocchiaro, Gianluca"]
[Black "Barletta, Mauro"]
[Result "1/2-1/2"]
[WhiteElo "2064"]
[BlackElo "2224"]
[PlyCount "59"]
[EventDate "2009.05.28"]

1. e4 d5 2. exd5 Qxd5 3. Nc3 Qd6 4. d4 g6 5. Nf3 Bg7 6. Bc4 Nf6 7. O-O O-O 8.
Ne5 a6 9. Be3 Nbd7 10. Nxd7 Bxd7 11. h3 Rad8 12. Qe2 b5 13. Bd3 Bc6 14. a3 Rfe8
15. Rad1 Nh5 16. Be4 Bxe4 17. Nxe4 Qc6 18. Nc5 e5 19. dxe5 Rxd1 20. Rxd1 Bxe5
21. Nd3 Bd4 22. Nb4 Qe4 23. Qd3 Bxe3 24. Qxe4 Rxe4 25. fxe3 a5 26. Nd5 c6 27.
g4 cxd5 28. gxh5 Re5 29. hxg6 fxg6 30. Kf2 1/2-1/2

[Event "VII Festival A"]
[Site "Savigliano ITA"]
[Date "2009.05.30"]
[Round "3"]
[White "Gallucci, Alessio"]
[Black "Moncelli, Giorgio"]
[Result "1/2-1/2"]
[WhiteElo "2240"]
[BlackElo "2071"]
[PlyCount "59"]
[EventDate "2009.05.28"]

1. e4 e5 2. Nf3 Nc6 3. d4 exd4 4. Nxd4 Bc5 5. Be3 Qf6 6. Nb5 Bxe3 7. fxe3 Qh4+
8. g3 Qxe4 9. Nxc7+ Kd8 10. Nxa8 Qxh1 11. Nc3 Nf6 12. Qd6 Qf3 13. e4 Re8 14.
Be2 Qh1+ 15. Bf1 Nxe4 16. Qc7+ Ke7 17. O-O-O Nxc3 18. Qd6+ Kd8 19. bxc3 Qe4 20.
Qc7+ Ke7 21. Qd6+ Kd8 22. Nc7 Qe3+ 23. Rd2 Qxc3 24. Rd1 Re1 25. Rxe1 Qxe1+ 26.
Kb2 Qxf1 27. Nd5 Qb5+ 28. Kc1 Qf1+ 29. Kb2 Qb5+ 30. Kc1 1/2-1/2

[Event "VII Festival A"]
[Site "Savigliano ITA"]
[Date "2009.05.30"]
[Round "3"]
[White "Godena, Michele"]
[Black "Pepino, Enrico"]
[Result "1-0"]
[WhiteElo "2538"]
[BlackElo "2148"]
[PlyCount "49"]
[EventDate "2009.05.28"]

1. e4 g6 2. d4 Bg7 3. c3 d6 4. Nf3 Nf6 5. Bd3 O-O 6. O-O Nc6 7. Re1 e5 8. h3
Nh5 9. Be3 h6 10. Nbd2 Qf6 11. Bf1 Nf4 12. Kh2 g5 13. g3 Nxh3 14. Bxh3 g4 15.
d5 Ne7 16. Nxe5 gxh3 17. Nd3 Ng6 18. f4 c5 19. f5 Ne5 20. Nxe5 Qxe5 21. Bf4 Qf6
22. Nc4 Rd8 23. Qh5 Kh7 24. g4 Bf8 25. g5 1-0

[Event "VII Festival A"]
[Site "Savigliano ITA"]
[Date "2009.05.30"]
[Round "3"]
[White "Manni, Stefano"]
[Black "Sotgia, Cosimo"]
[Result "1-0"]
[WhiteElo "2036"]
[BlackElo "1859"]
[PlyCount "51"]
[EventDate "2009.05.28"]

1. d4 c5 2. e3 Nf6 3. Nf3 e6 4. Bd3 d5 5. b3 cxd4 6. exd4 Nc6 7. O-O Be7 8. a3
b6 9. Bb2 Bb7 10. Nbd2 Rc8 11. Ne5 Nxe5 12. dxe5 Nd7 13. Qg4 Kf8 14. f4 Nc5 15.
f5 Nxd3 16. cxd3 exf5 17. Qxf5 Qe8 18. Nf3 Rc2 19. Bd4 Bc8 20. Qf4 g5 21. Nxg5
Bxg5 22. Qxg5 Rxg2+ 23. Kxg2 Rg8 24. Qxg8+ Kxg8 25. Rf3 Qc6 26. Raf1 1-0